| 000 | 01942nam0a2200349 4500 | ||
|---|---|---|---|
| 001 | RU\NLR\BIBL_A\022668103 | ||
| 005 | 20251210104031.0 | ||
| 010 |
_a978-5-7513-3904-3 _930 |
||
| 021 |
_aRU _bКН-П-25-052960 _9КН-П-25-5106 |
||
| 035 | _a(NLR Aleph) 022668103 | ||
| 090 |
_a13498245 _c13498245 |
||
| 100 | _a20251118d2025 u y0rusy50 ca | ||
| 101 | 0 | _arus | |
| 102 | _aRU | ||
| 105 | _aac||ac||001yb | ||
| 181 | 0 |
_ai3 _baxxe |
|
| 182 | 0 | _an | |
| 200 | 1 |
_aНим Юрий Александрович _eдоктор геолого-минералогических наук, профессор _eбиобиблиографический указатель _fМинистерство науки и высшего образования Российской Федерации, Северо-Восточный федеральный университет имени М. К. Аммосова, Научная библиотека _gсоставитель: Ф. В. Филиппова |
|
| 203 |
_aТекст _bвизуальный _cнепосредственный |
||
| 210 |
_aЯкутск _cИздательский дом СВФУ _d2025 |
||
| 215 |
_a75, [3] с. _cил., портр., табл. _d21 |
||
| 225 | 1 | _aДоктора наук, профессора СВФУ | |
| 320 | _aИмен. указ. в конце кн. | ||
| 600 | 1 |
_aНим _bЮ. А. _f1941 - 2020 _gЮрий Александрович _jБиобиблиография _92689789 _3RU\NLR\AUTH\6601763794 |
|
| 686 | 1 | _aД3д(2)Ним.я1 | |
| 702 | 1 |
_4220 _aФилиппова _bФ. В. _cбиблиограф _gФатима Вячеславовна _92689402 _3RU\NLR\AUTH\770287563 |
|
| 702 | 1 |
_aНим _bЮ. А. _f1941-2020 _gЮрий Александрович _4280 |
|
| 942 | _cBOOK | ||
| 980 | _aNB | ||